01011nab a2200241uuc4500001000800000005001700008008004100025035001200066035002100078040001300099041000800112100004400120245015400164650003200318650005200350650005000402650005800452700004900510700004500559773013600604942001000740999001900750106940920240202084028.0080225e20071001 spa  a1069409 a(OCoLC)820390671 ccomduadb aspa10aPinto Molina, María4auteaut928662613aLa herramienta "BiQual" como instrumento para el estudio de la calidad del servicio en bibliotecas universitarias españolas de ciencia y tecnologia aCalidad del servicio926881 aEvaluacion de bibliotecas universitarias951630 aBibliotecas universitarias - España9121747 aEspacio Europeo de Educación Superior. EEES916295910aFernandez Marcial, Viviana4auteaut943702010aGomez Camarero, Carmen4auteaut93566270 tRevista Española de Documentación Científica (Madrid)gVol. 30, No. 04, Oct.-Dic. 2007, p. 465-491w492062x0210-06140124355 cARIMP c449141d449141